|
|
|
|
| LEADER |
00000naa2a2200000 4500 |
| 001 |
183054 |
| 005 |
20251205103737.0 |
| 035 |
|
|
|a (RuTPU)RU\TPU\book\198432
|
| 090 |
|
|
|a 183054
|
| 100 |
|
|
|a 20100630d2004 k y0rusy50 ca
|
| 101 |
0 |
|
|a rus
|
| 102 |
|
|
|a RU
|
| 200 |
1 |
|
|a Жидкостный чувствительный элемент для определения направления Восток-Запад
|f Ю. Г. Гладышев
|
| 320 |
|
|
|a Библиогр.: 3 назв.
|
| 461 |
|
1 |
|0 (RuTPU)RU\TPU\book\66154
|t Современные техника и технологии
|o X Юбилейная международная научно-практическая конференция студентов, аспирантов и молодых ученых, посвященная 400-летию г. Томска, Томск, 29 марта - 2 апреля 2004 г.
|o труды
|f Томский политехнический университет
|d 2004
|
| 463 |
|
0 |
|0 (RuTPU)RU\TPU\book\65882
|t Т. 1
|v С. 79-80
|d 2004
|
| 610 |
1 |
|
|a навигация
|
| 610 |
1 |
|
|a Кариолисовая сила
|
| 610 |
1 |
|
|a направления
|
| 610 |
1 |
|
|a жидкости
|
| 610 |
1 |
|
|a трение
|
| 610 |
1 |
|
|a уравнения
|
| 610 |
1 |
|
|a закон динамики
|
| 610 |
1 |
|
|a инерционное тело
|
| 610 |
1 |
|
|a динамика
|
| 610 |
1 |
|
|a ориентирование
|
| 610 |
1 |
|
|a приборы
|
| 610 |
1 |
|
|a труды учёных ТПУ
|
| 700 |
|
1 |
|a Гладышев
|b Ю. Г.
|
| 801 |
|
1 |
|a RU
|b 63413507
|c 20100630
|
| 801 |
|
2 |
|a RU
|b 63413507
|c 20140329
|g RCR
|
| 942 |
|
|
|c BK
|